=LDR 00000nam 2200000 4500 =001 INLIS000000000024465 =005 20130612123041 =008 ***********************************Ind** =035 ##$$0010-061300000024465 =041 ##$$a Ind =082 ##$$a 372.8 =090 ##$$a 372.8, Soe p =100 ##$$a Soemardi HS =245 ##$$a Pendidikan moral pancasila 3, 4 untuk kelas 3, 4 sekolah dasar, Soemardi HS =260 ##$$a 1977 $b Bandung =300 ##$$a 184 hlm, ilus, 20 cm =650 ##$$a Pendidikan dasar =850 ##$$a NBPNMAT